Statistics for European Geography By Letter - V

Click here to take the quiz!

General Stats

  • This quiz has been taken 42,364 times
  • The average score is 12 of 20

Answer Stats

Hint Answer % Correct
The pope's countryVatican City
99%
Capital of AustriaVienna
99%
Italian canal cityVenice
98%
Volcano that destroyed PompeiiVesuvius
84%
Residence of King Louis XIVVersailles
80%
Longest river in EuropeVolga
75%
Third biggest city in SpainValencia
74%
Capital of LithuaniaVilnius
69%
City of "Romeo and Juliet" in northern ItalyVerona
68%
Capital of MaltaValletta
67%
Term for an Italian country homeVilla
59%
Capital of LiechtensteinVaduz
58%
The above, in ItalianVenezia
56%
Capital of unoccupied France during WWIIVichy
51%
City formerly called StalingradVolgograd
50%
Term for the home of an Anglican parish leaderVicarage
23%
Longest river in PolandVistula
19%
Bulgarian resort city on the Black SeaVarna
18%
Capital of Castille & LeonValladolid
15%
City on the island of GotlandVisby
11%

Score Distribution

Percentile by Number Answered

Percent of People with Each Score

Your Score History

You have not taken this quiz